Eurovision 2023 Trivia - Statistics

General Stats
  • This quiz has been taken 272 times
  • The average score is 13 of 27
Answer Stats
Hint Answer % Correct
Eurovision 2023 was hosted in this city Liverpool
98%
... on behalf of this country, who won in 2022 but was unable to host Ukraine
97%
this British singer finished as runner up in the previous edition and thus got the Contest to the UK Sam Ryder
78%
the motto of the contest United by Music
72%
number of participating countries 37
70%
... the number of times they won 5
70%
this country famously announced their comeback after 30 years of absence, just before the Grand Final Luxembourg
70%
American author, sang about in Austria's entry Edgar Allan Poe
69%
the winner of the contest Loreen
63%
... and the country they're from Sweden
63%
runner-up and televote winner Finland
59%
the meme circling the Polish representative after her unique pronunciation in the national final - she used it for herself, putting the word on the dress she wore to the opening ceremony bejbah
56%
winner of 2022, who opened the grand final (name of the band!) Kalush Orchestra
55%
host who is especially known for his own talkshow, but also for his Eurovision commentary Graham Norton
49%
... but this country received the lowest televote score with only 5 points Spain
43%
this country failed to qualify, making 2016 their (to date) last appearance in a grand final Latvia
38%
this former winner's host city predictions have proven to be always wrong - so let's wait for her prediction to see where we won't be headed in 2024! ;) Netta
38%
the biggest preparty with 5000 sold tickets and 29 performing artists Eurovision in Concert
37%
this band finished last Lord of the Lost
37%
host who is especially known for her roles in Game of Thrones and Ted Lasso Hannah Waddingham
32%
band who finished second in their country's national final the year before Voyager
31%
host who is a judge on Britain's Got Talent Alesha Dixon
29%
this member of the royal family made a surprise appearance in the opening sequence Catherine of Wales
29%
the venue is located on the banks of this river Mersey
19%
host and leadsinger of the band "The Hardkiss" Julia Sanina
17%
their leadsinger was born in this country, where he also spent his childhood Germany
13%
official title of the Grand Final's interval act, which saw several winners and former contestants performing Liverpool Song Book
11%
No matching quizzes found
Score Distribution
Percent of People with Each Score
Percentile by Number Answered
Your Score History
You have not taken this quiz